Building Construction (Record no. 5828)

MARC details
000 -LEADER
fixed length control field 00357nam a2200157Ia 4500
003 - CONTROL NUMBER IDENTIFIER
control field OSt
008 - FIXED-LENGTH DATA ELEMENTS--GENERAL INFORMATION
fixed length control field 191201s2013 xx 000 0 und d
082 ## - DEWEY DECIMAL CLASSIFICATION NUMBER
Classification number 690
Item number PUB
100 ## - MAIN ENTRY--PERSONAL NAME
Personal name PUNMIA, BC
245 #0 - TITLE STATEMENT
Title Building Construction
250 ## - EDITION STATEMENT
Edition statement 10th
260 ## - PUBLICATION, DISTRIBUTION, ETC. (IMPRINT)
Place of publication, distribution, etc N. Delhi
Name of publisher, distributor, etc Laxmi Publications
Date of publication, distribution, etc 2013
300 ## - PHYSICAL DESCRIPTION
Extent 666+6
650 ## - SUBJECT ADDED ENTRY--TOPICAL TERM
Topical term or geographic name as entry element B.Tech(CE)
942 ## - ADDED ENTRY ELEMENTS (KOHA)
Source of classification or shelving scheme Dewey Decimal Classification
Koha item type Text Books
Holdings
Withdrawn status Lost status Source of classification or shelving scheme Damaged status Not for loan Collection code Home library Current library Date acquired Source of acquisition Cost, normal purchase price Bill Number Total Checkouts Full call number Acc. no. / Barcode Date last seen Actual Cost, discounted price Bill Date Koha item type Date last borrowed
    Dewey Decimal Classification     B.Tech(CE) PIET C-LIBRARY PIET C-LIBRARY 18/03/2014 IBH, New Delhi 495.00 22792   690 PUB 23553 04/12/2019 356.40 08/03/2014 Text Books  
    Dewey Decimal Classification     B.Tech(CE) PIET C-LIBRARY PIET C-LIBRARY 18/03/2014 IBH, New Delhi 495.00 22792   690 PUB 23554 04/12/2019 356.40 08/03/2014 Text Books  
    Dewey Decimal Classification     B.Tech(CE) PIET C-LIBRARY PIET C-LIBRARY 18/03/2014 IBH, New Delhi 495.00 22792   690 PUB 23555 04/12/2019 356.40 08/03/2014 Text Books  
    Dewey Decimal Classification     B.Tech(CE) PIET C-LIBRARY PIET C-LIBRARY 18/03/2014 IBH, New Delhi 495.00 22792   690 PUB 23556 04/12/2019 356.40 08/03/2014 Text Books  
    Dewey Decimal Classification     B.Tech(CE) PIET C-LIBRARY PIET C-LIBRARY 18/03/2014 IBH, New Delhi 495.00 22792   690 PUB 23557 04/12/2019 356.40 08/03/2014 Text Books  
    Dewey Decimal Classification     B.Tech(CE) PIET C-LIBRARY PIET C-LIBRARY 18/03/2014 IBH, New Delhi 495.00 22792   690 PUB 23558 04/12/2019 356.40 08/03/2014 Text Books  
    Dewey Decimal Classification     B.Tech(CE) PIET C-LIBRARY PIET C-LIBRARY 18/03/2014 IBH, New Delhi 495.00 22792   690 PUB 23559 04/12/2019 356.40 08/03/2014 Text Books  
    Dewey Decimal Classification     B.Tech(CE) PIET C-LIBRARY PIET C-LIBRARY 18/03/2014 IBH, New Delhi 495.00 22792 1 690 PUB 23560 02/01/2020 356.40 08/03/2014 Text Books 20/12/2019
    Dewey Decimal Classification     B.Tech(CE) PIET C-LIBRARY PIET C-LIBRARY 18/03/2014 IBH, New Delhi 495.00 22792 1 690 PUB 23561 30/12/2019 356.40 08/03/2014 Text Books 19/12/2019
    Dewey Decimal Classification     B.Tech(CE) PIET C-LIBRARY PIET C-LIBRARY 18/03/2014 IBH, New Delhi 495.00 22792   690 PUB 23562 04/12/2019 356.40 08/03/2014 Text Books  

Design & Developed by: PIET Central Library
R70 Miles Stone Pattikalyana Samalkha Panipat 132102
mail ID :- [email protected], Phone No:- 0180-2569700 Ex.216